Bayside melodies a goan encounter / (Record no. 138715)

MARC details
000 -LEADER
fixed length control field 00457nam a22001697a 4500
005 - DATE AND TIME OF LATEST TRANSACTION
control field 20170410172604.0
010 ## - LCCN (DPL NO)
LC control number ENG-117729
020 ## - INTERNATIONAL STANDARD BOOK NUMBER
International Standard Book Number 9788192101538
Terms of availability 200.00
035 ## - SYSTEM CONTROL NUMBER
System control number EN-101261
037 ## - SOURCE OF ACQUISITION
Source of stock number/acquisition DBAD/PUB
082 ## - DEWEY DECIMAL CLASSIFICATION NUMBER
Classification number 647.94092
100 ## - MAIN ENTRY--PERSONAL NAME
Personal name Majumdar,AnIndya
245 ## - TITLE STATEMENT
Title Bayside melodies a goan encounter /
Statement of responsibility, etc by AnIndya Majumdar
260 ## - PUBLICATION, DISTRIBUTION, ETC. (IMPRINT)
Place of publication, distribution, etc New Delhi
Date of publication, distribution, etc 2016
300 ## - PHYSICAL DESCRIPTION
Extent 172p.
Dimensions 23cm(Hb)
942 ## - ADDED ENTRY ELEMENTS (KOHA)
Source of classification or shelving scheme Dewey Decimal Classification
Item type English Books
Classification part 883.08
Call number suffix ALI
Holdings
Withdrawn status Lost status Not for loan Home library Current library Date acquired Full call number Barcode Koha item type
      D.B.Act.Division D.B.Act.Division 10/04/2017 883.08 ALI EN-101261 English Books

© Delhi Public Library
Hit Counter
free hit counter